Challenges of inclusive development : (Record no. 90165)

MARC details
000 -LEADER
fixed length control field 00650nam a22002057a 4500
005 - DATE AND TIME OF LATEST TRANSACTION
control field 20141121144443.0
010 ## - LCCN (DPL NO)
LC control number ENG-111295
020 ## - INTERNATIONAL STANDARD BOOK NUMBER
International Standard Book Number 9789383252145
Terms of availability 395.00
035 ## - SYSTEM CONTROL NUMBER
System control number EN-94827
037 ## - SOURCE OF ACQUISITION
Source of stock number/acquisition DBAD/PUB
082 ## - DEWEY DECIMAL CLASSIFICATION NUMBER
Classification number 338.954123
245 ## - TITLE STATEMENT
Title Challenges of inclusive development :
Statement of responsibility, etc edited by B. Saikia [and] D. Lahkar
Remainder of title a perspective from the grassroots /
260 ## - PUBLICATION, DISTRIBUTION, ETC. (IMPRINT)
Place of publication, distribution, etc Guwahati
Name of publisher, distributor, etc EBH Publishers
Date of publication, distribution, etc 2014
270 ## - ADDRESS
Address 136, M.L. Nehru Road, Panbazar
City Guwahati
Postal code 781001
300 ## - PHYSICAL DESCRIPTION
Extent xxii,78p.
Dimensions 23cm(Hb)
500 ## - GENERAL NOTE
General note Includes index
700 ## - ADDED ENTRY--PERSONAL NAME
Personal name Saikia, B.
700 ## - ADDED ENTRY--PERSONAL NAME
Personal name Lahkar, D.
942 ## - ADDED ENTRY ELEMENTS (KOHA)
Source of classification or shelving scheme Dewey Decimal Classification
Item type English Books
Call number suffix CHA
Classification part 338.954123
Holdings
Withdrawn status Lost status Not for loan Collection code Home library Current library Date acquired Source of acquisition Cost, normal purchase price Full call number Barcode Copy number Cost, replacement price Koha item type
    Not For Loan Non-fiction D.B.Act.Division D.B.Act.Division 19/11/2014 DBAD/PUB 395.00 338.954123 CHA EN-94827 1 395.00 English Books

© Delhi Public Library
Hit Counter
free hit counter